000 00443nam a22001697a 4500
003 OSt
008 230509b |||||||| |||| 00| 0 eng d
020 _a9789392549045
082 _a005.133 SAP
100 _aSALARIA,RS
245 _aProgramming for Problem with Python Computational Thinking with Python
250 _a1st Ed
260 _aNew Delhi
_bKhanna Publishers
300 _a370
650 _aDecentralization
942 _2ddc
_cREF
999 _c12002
_d12002